000 00564cam a22002053a 4500
001 36346
003 PGUSA
005 20140828083803.0
008 110607s2011||||xxu|||||s|||||000 | eng d
040 _aPGUSA
_beng
042 _adc
100 1 _aHume, Fergus,
_d1859-1932
245 1 4 _aThe Mandarin's Fan
_h[electronic resource] /
_cFergus Hume
260 _bProject Gutenberg,
_c2011
506 _aPublic domain in the USA.
516 _aElectronic text
830 0 _aProject Gutenberg
_v36346
856 4 0 _uhttp://www.gutenberg.org/ebooks/36346
942 _cEB
999 _c265601
_d265601